000 00902nmm a2200265 a 4500
001 ocm0001703147
003 TR-IsHL
005 20201028170323.0
008 180109s2017 tu eng
007 cr cn
020 _a9786059496667
035 _a1703147
_b(N$T)
050 0 4 _aPZ10.3.J36
_bB33 2017
090 0 4 _aPZ10.3.J36
_bB33 2017
100 1 _aBabbitt, Ellen C.
245 1 0 _aMore Jataka tales: tales of India
_h[electronic resource] /
_cEllen C. Babbitt
260 _aİstanbul :
_bE-Kitap Projesi & Cheapest Books ,
_c2017
300 _a93 p.
650 4 _aDil ve Edebiyat
650 4 _aLanguage and Literature
650 0 _aJataka masalları, İngilizce
650 0 _aJataka stories, English
650 7 _aJUVENILE FICTION / Fairy Tales & Folklore / General
_2bisacsh
856 4 0 _uhttp://search.ebscohost.com/login.aspx?direct=true&scope=site&db=e011xww&AN=1703147
999 _c16206
_d16206